The Oxford 3000 - Letter V - Translate from Polish to English - Statystyki

Ogólne statystyki
  • Ten quiz został rozwiązany 19 razy
  • Średni wynik to 26 z 35
Statystyki odpowiedzi
Polish Angielski % Poprawnych
wakacje; urlop vacation
100%
furgonetka; van van
100%
warzywo vegetable
100%
wersja version
100%
bardzo; dokładnie ten very
100%
wideo; film video
100%
wirtualny virtual
100%
wirus virus
100%
odwiedzać; wizyta visit
100%
wizualny visual
100%
witamina vitamin
100%
wartość; cenić; doceniać value
92%
widok; pogląd; oglądać; uważać view
92%
wizja; wzrok vision
92%
głos voice
92%
cenny; wartościowy valuable
83%
zwycięstwo victory
83%
widz; oglądający viewer
83%
wieś; wioska village
83%
objętość; tom; głośność volume
83%
dolina valley
75%
różne; rozmaite various
75%
pojazd vehicle
75%
ofiara victim
75%
odwiedzający; gość visitor
75%
głos; głosować vote
67%
różnorodność; odmiana variety
58%
przez; za pośrednictwem via
58%
przemoc violence
58%
różnić się; zmieniać się vary
50%
brutalny; gwałtowny violent
42%
wolontariusz; pracować jako wolontariusz volunteer
42%
ogromny; rozległy vast
8%
miejsce (wydarzenia, imprezy) venue
0%
kluczowy; niezbędny vital
0%
Nie znaleziono quizów pasujących do podanych kryteriów
Rozkład punktacji
Procent ludzi z każdym wynikiem
Percentyl według liczby udzielonych odpowiedzi
Twoja historia wyników
Nie rozwiązałeś tego quizu